<?xml version="1.0" encoding="UTF-8"?>
<record
    xmlns:xsi="http://www.w3.org/2001/XMLSchema-instance"
    xsi:schemaLocation="http://www.loc.gov/MARC21/slim http://www.loc.gov/standards/marcxml/schema/MARC21slim.xsd"
    xmlns="http://www.loc.gov/MARC21/slim">

  <leader>00657nam a22001697a 4500</leader>
  <controlfield tag="008">160127b        xxu||||| |||| 00| 0 eng d</controlfield>
  <datafield tag="082" ind1=" " ind2=" ">
    <subfield code="a">709.972.86</subfield>
    <subfield code="b">B588b</subfield>
  </datafield>
  <datafield tag="110" ind1=" " ind2=" ">
    <subfield code="a">BIENARTE </subfield>
    <subfield code="9">4583</subfield>
  </datafield>
  <datafield tag="245" ind1=" " ind2=" ">
    <subfield code="a">BIENARTE 99</subfield>
    <subfield code="c">Garza, Virgilio; Hutchinson, Isabella; Mosquera, Gerardo.</subfield>
  </datafield>
  <datafield tag="260" ind1=" " ind2=" ">
    <subfield code="a">San Jos&#xE9;, Costa Rica </subfield>
    <subfield code="b">MRM Soluciones Graficas S.A / Empresarios por el arte </subfield>
    <subfield code="c">1999</subfield>
  </datafield>
  <datafield tag="300" ind1=" " ind2=" ">
    <subfield code="a">25 p</subfield>
    <subfield code="b">ill; Col</subfield>
    <subfield code="c">21 cm </subfield>
  </datafield>
  <datafield tag="650" ind1=" " ind2=" ">
    <subfield code="a">Bienarte 99 </subfield>
    <subfield code="v">Arte Costarricense </subfield>
    <subfield code="x">Exhibiciones </subfield>
    <subfield code="y">1999</subfield>
    <subfield code="z">San Jos&#xE9;, Costa Rica</subfield>
    <subfield code="9">4584</subfield>
  </datafield>
  <datafield tag="700" ind1=" " ind2=" ">
    <subfield code="a">Garza, Virgilio</subfield>
    <subfield code="9">4585</subfield>
  </datafield>
  <datafield tag="700" ind1=" " ind2=" ">
    <subfield code="a">Hutchinson, Isabella</subfield>
    <subfield code="9">4586</subfield>
  </datafield>
  <datafield tag="700" ind1=" " ind2=" ">
    <subfield code="a">Mosquera, Gerardo.</subfield>
    <subfield code="9">1487</subfield>
  </datafield>
  <datafield tag="700" ind1=" " ind2=" ">
    <subfield code="a">Zurcher, Ronald</subfield>
    <subfield code="9">4587</subfield>
  </datafield>
  <datafield tag="999" ind1=" " ind2=" ">
    <subfield code="c">838</subfield>
    <subfield code="d">838</subfield>
  </datafield>
  <datafield tag="952" ind1=" " ind2=" ">
    <subfield code="0">0</subfield>
    <subfield code="1">0</subfield>
    <subfield code="2">ddc</subfield>
    <subfield code="4">0</subfield>
    <subfield code="7">0</subfield>
    <subfield code="a">LV</subfield>
    <subfield code="b">LV</subfield>
    <subfield code="c">Eventos y Bienales</subfield>
    <subfield code="d">2016-01-27</subfield>
    <subfield code="l">0</subfield>
    <subfield code="o">709.972.86 B588b</subfield>
    <subfield code="p">001842</subfield>
    <subfield code="r">2016-01-27 00:00:00</subfield>
    <subfield code="w">2016-01-27</subfield>
    <subfield code="y">01</subfield>
  </datafield>
</record>
